天津地铁站名大全 - Statistics

General Stats
  • This quiz has been taken 55 times
    4 since last reset
  • The average score is 135 of 269
Answer Stats
线路 车站 % Correct
1 | 4 | 6 西站
100%
1 西北角
100%
1 | 2 西南角
100%
1 | 3 营口道
100%
1 小白楼
100%
2 | 4 东南角
100%
2 | 3 | 9 天津站
100%
3 津湾广场
100%
3 南站
100%
4 徐州道
100%
5 | 6 | 11 文化中心
100%
6 | 6-2 渌水道
100%
6-2 咸水沽西
100%
1 刘园
67%
1 瑞景新苑
67%
1 佳园里
67%
1 本溪路
67%
1 勤俭道
67%
1 洪湖里
67%
1 二纬路
67%
1 | 7 海光寺
67%
1 鞍山道
67%
1 新华路(废弃)
67%
1 | 5 下瓦房
67%
1 南楼
67%
1 土城
67%
1 华山里
67%
1 | 10 财经大学
67%
1 李楼
67%
1 梨双路北(暂缓)
67%
1 洪泥河东
67%
1 国家会展中心
67%
1 国瑞路
67%
1 东沽路
67%
1 咸水沽北(暂缓)
67%
1 双桥河
67%
2 曹庄
67%
2 卞兴
67%
2 芥园西道
67%
2 咸阳路
67%
2 | 6 长虹公园
67%
2 | 7 鼓楼
67%
2 建国道意风区
67%
2 远洋国际中心
67%
2 顺驰桥
67%
2 | 5 靖江路
67%
2 翠阜新村
67%
2 | 10 屿东城
67%
2 登州路
67%
2 空港经济区
67%
2 滨海国际机场
67%
3 小淀
67%
3 华北集团
67%
3 | 5 张兴庄
67%
3 | 6 北站
67%
3 中山路
67%
3 金狮桥
67%
3 | 4 和平路
67%
3 西康路
67%
3 | 11 吴家窑
67%
3 | 7 天塔
67%
3 周邓纪念馆
67%
3 | 6 红旗南路
67%
3 华苑
67%
3 大学城
67%
3 学府工业区
67%
3 杨伍庄
67%
4 新兴村
67%
4 民航大学
67%
4 泰昌路
67%
4 | 5 成林道
67%
4 六纬路
67%
4 金街
67%
4 同城商务区西于庄
67%
4 北洋桥
67%
4 天穆
67%
4 南仓
67%
4 果园南道
67%
4 北仓
67%
4 小街
67%
5 北辰科技园北
67%
5 淮河道
67%
5 建昌道
67%
5 | 6 金钟河大街
67%
5 月牙河
67%
5 幸福公园
67%
5 津塘路
67%
5 | 9 直沽
67%
5 西南楼
67%
5 | 6 天津宾馆
67%
5 | 6 | 7 肿瘤医院
67%
5 中医一附院
67%
5 李七庄南
67%
5 | 津静 京华东道
67%
6 南孙庄
67%
6 外院附中
67%
6 天拖
67%
6 水上公园东路
67%
6 乐园道
67%
6 | 11 医大二院
67%
6 梅江会展中心
67%
7 天津大学六里台
67%
7 | 11 南开大学八里台
67%
7 | 10 丽江道
67%
7 王兰庄
67%
7 梅江会展中心南
67%
7 赛达路
67%
9 大王庄
67%
9 十一经路
67%
9 中山门
67%
9 一号桥
67%
9 二号桥
67%
9 胡家园
67%
9 塘沽
67%
9 泰达
67%
1 陈塘庄
33%
1 复兴门
33%
1 双林
33%
1 高庄子
33%
1 上郭庄(暂缓)
33%
2 广开四马路
33%
2 国山路
33%
3 丰产河
33%
3 天士力
33%
3 宜兴埠
33%
3 王顶堤
33%
4 登州南路
33%
4 | 10 沙柳南路
33%
4 万东路
33%
4 西沽公园
33%
4 白庙
33%
4 柳滩
33%
4 延吉道
33%
4 柴楼
33%
4 郎园
33%
5 丹河北道
33%
5 北辰道
33%
5 职业大学
33%
5 辽河北道
33%
5 宜兴埠北
33%
5 志成路
33%
5 思源路
33%
5 体育中心
33%
5 凌宾路
33%
5 | 10 昌凌路
33%
6 南何庄
33%
6 大毕庄
33%
6 金钟街
33%
6 民权门
33%
6 新开河
33%
6 北运河(暂缓)
33%
6 北竹林
33%
6 复兴路
33%
6 人民医院
33%
6 宜宾道
33%
6 鞍山西道
33%
6 一中心医院
33%
6 迎风道
33%
6 南翠屏
33%
6 尖山路
33%
6 左江道
33%
6 梅江公园
33%
6 洞庭路
33%
6 梅林路
33%
7 福安大街
33%
7 张道口
33%
7 兴华道
33%
6-2 南开大学津南校区
33%
6-2 海河教育园区
33%
6-2 天津大学北洋园校区
33%
6-2 景荔道
33%
6-2 景荷道
33%
9 东兴路
33%
9 张贵庄
33%
9 东丽开发区
33%
9 军粮城
33%
9 钢管公司
33%
9 太湖路
33%
9 会展中心
33%
9 东海路
33%
10 崂山道
33%
10 万山道
33%
10 | 11 环宇道
33%
10 瑶环路
33%
10 于台
33%
11 东丽六经路
33%
11 东丽三经路
33%
11 东丽一经路
33%
11 招远路
33%
11 雪莲南路
33%
11 海河东路
33%
11 东江道
33%
11 陈塘
33%
11 佟楼
33%
11 水上公园西路
33%
津静 精武
33%
津静 团泊健康城
33%
津静 团泊医学园
33%
3 铁东路
0%
3 高新区
0%
4 航双路
0%
4 跃进北路
0%
4 西赵庄
0%
4 双街
0%
6 徐庄子
0%
6 北宁公园
0%
6 天泰路
0%
6 梅江道
0%
6 解放南路
0%
7 宏源道
0%
7 芦北路
0%
6-2 和慧南路
0%
6-2 双港
0%
9 新立
0%
9 小东庄
0%
9 市民广场
0%
10 香山道
0%
10 方山道
0%
10 金贸产业园
0%
10 龙涵道
0%
10 柳林路
0%
10 微山路
0%
10 玛钢厂
0%
10 春海路
0%
10 南珠桥
0%
10 友谊南路
0%
10 江湾二支路
0%
11 驯海路
0%
11 东丽文体中心
0%
11 学苑北路
0%
11 内江路
0%
11 澧水道
0%
11 迎宾馆
0%
No matching quizzes found
Score Distribution
Percent of People with Each Score
Percentile by Number Answered
Your Score History
You have not taken this quiz since the last reset